00472cam a22001697a 450000100090000000300040000900500170001300800410003001000170007102000150008804000130010305000240011610000210014024500670016126000480022830000260027611931972OSt20210114154930.0000304s1998 pau 000 0 eng  a 00551157  a1560432969 aDLCcDLC00aMLCS 2003/06320 (B)1 aSmith, Wesley E.14aThe young warriors :barise, shout, pursue /cWesley E. Smith. aShippensburg, PA :bTreasure House,cc1998. axiv, 169 p. ;c21 cm.